Automatización del análisis de estabilidad de taludes rocosos por medio de equilibrio límite en tres dimensiones : Proyecto Hidroeléctrico Boruca.
Salvato in:
| Autore principale: | |
|---|---|
| Natura: | Libro |
| Pubblicazione: |
San José, C.R.
1999
|
| Soggetti: | |
| Tags: |
Aggiungi Tag
Nessun Tag, puoi essere il primo ad aggiungerne!!
|
MARC
| LEADER | 00000nam a2200000Ia 4500 | ||
|---|---|---|---|
| 003 | 008581 | ||
| 005 | 20221231144221.0 | ||
| 008 | 140114s1999 cr a m 000 ||s d | ||
| 040 | |c cru CEDI | ||
| 090 | |a TFG 3911 | ||
| 100 | |a Núñez Incer, Edmundo |9 8909 | ||
| 245 | |a Automatización del análisis de estabilidad de taludes rocosos por medio de equilibrio límite en tres dimensiones : Proyecto Hidroeléctrico Boruca. | ||
| 260 | |c 1999 |a San José, C.R. | ||
| 300 | |a viii, 107, 29 hojas : ilustraciones (algunas a color) + 3 disquetes | ||
| 500 | |a Proyecto de graduación (licenciatura en ingeniería civil)--Universidad de Costa Rica. Facultad de Ingeniería. Escuela de Ingeniería Civil | ||
| 650 | |x INSTITUTO COSTARRICENSE DE ELECTRICIDAD.. PROYECTO HIDROELECTRICO DE BORUCA Materia LinkTALUDES (MECANICA DE SUELOS) - PROGRAMAS PARA COMPUTADORA |x TALUDES (MECANICA DE SUELOS) - PROGRAMAS PARA COMPUTADORA |x MECANICA DE ROCAS |9 8910 | ||
| 942 | |c TFG | ||
| 999 | |c 18588 |d 18588 | ||
